00308 a2200121 450000500170000002000180001708200160003524500350005125000120008626000420009830000290014070000170016920250609155320.0 a0-19-860259-6 aREF 423 PEA aThe Concise Oxford Dictionary. a10th Ed aNew York, bOxford University,c1999. axx, 1966p.: ill.;c23cm. aPEARSALL, J.